000 01392cam a2200265 a 4500
001 17136236
005 20230128132743.0
008 120126r20122011nyub 000 0 eng
010 _a 2011501957
020 _a9780307476395 (pbk.)
040 _aDLC
_cDLC
_dDLC
042 _apcc
050 0 0 _aD863
_b.F75 2012
082 0 0 _a909.831,FRI
_223
100 1 _aFriedman, George.
_97495
245 1 4 _aThe next decade :
_bempire and republic in a changing world /
_cGeorge Friedman.
250 _a1st Anchor books ed.
260 _aNew York :
_bAnchor Books,
_c2012.
300 _axxii, 243 p. :
_bmaps ;
_c20 cm.
505 _aIntroduction Rebalancing America (Page-1), The Unintended Empire (Page-13), Republic Empire and the Machiavellian Pesdiant (Page-30), The Financial Crisis and The Resurgent State (Page-41), Finding the Balance of Power (Page-54), The Tare Trap (Page-70), Pesdiant Policy (Page-84), Strategic Reversal The United States Iran and The Middle East (Page-105), Europe return History (Page-142), Facing Hemisphere (Page-194), Africa a place to leave alone (Page-215), The Technologies and Deographic Imbalance (Pagew-223), The Empire The Republic and Decade (Page-237).
650 0 _aWorld politics
_y21st century
_xForecasting.
_97498
906 _a7
_bcbc
_corignew
_d2
_encip
_f20
_gy-gencatlg
942 _2ddc
_cBK
999 _c593045
_d593045